000
00196 a2200097 4500
001
29387
100
_a
Gowing
245
_a
The atomic bomb
260
_a
_b
Butter worth
_c
090
_c
19600
_d
19600
942
_a
NUST-CAE
_c
M
_c
10670
999
_c
264460
_d
264460